The Waite Group's C++ primer plus : teach yourself object-oriented programming
Αποθηκεύτηκε σε:
| Κύριος συγγραφέας: | |
|---|---|
| Συγγραφή απο Οργανισμό/Αρχή: | |
| Μορφή: | Βιβλίο |
| Γλώσσα: | English |
| Δημοσίευση: |
Mill Valley, Calif. :
Waite Group Press,
c1991
|
| Θέματα: | |
| Ετικέτες: |
Προσθήκη ετικέτας
Δεν υπάρχουν, Καταχωρήστε ετικέτα πρώτοι!
|
MARC
| LEADER | 00000cam a2200000 i 4500 | ||
|---|---|---|---|
| 001 | 1/39418 | ||
| 008 | 971009s1991 eng d | ||
| 020 | |a 1878739026 | ||
| 035 | |l 10041007 | ||
| 035 | |a 1997 |c ΔΩΡΕΑ ΤΖΑΦΕΡΗ | ||
| 040 | |a GR-MY-UA |b gre |e aacr | ||
| 041 | 0 | |a eng | |
| 082 | 0 | |a 005.133 | |
| 100 | 1 | |a Prata, Stephen. | |
| 245 | 1 | 4 | |a The Waite Group's C++ primer plus : |b teach yourself object-oriented programming / |c Stephen Prata |
| 246 | 3 | 3 | |a C++ primer plus |
| 246 | 3 | 3 | |a Waite Group's C plus plus primer plus |
| 260 | |a Mill Valley, Calif. : |b Waite Group Press, |c c1991 | ||
| 300 | |a xiv, 727 p.; |b ill.; |c 23 cm.+ |e 1 computer disk (5 1/4 in.) | ||
| 500 | |a Includes index | ||
| 650 | 0 | 0 | |a C++ (Computer program language) |
| 650 | 0 | 0 | |a Object-oriented programming (Computer science) |
| 710 | 2 | |a Waite Group. | |
| 852 | |a INST |b SAMOS |e 19971009 |h 005.133 PRA |p 005300008743 |q 005300008743 |t BK |y 0 | ||
| 852 | |a INST |b SAMOS |e 19981118 |h 005.133 PRA |p 005300013824 |q 005300013824 |t BK |y 0 | ||
| 901 | |a BIBL-1997-2 | ||
| 909 | |a Σ |b 050571 | ||
| 909 | |a Σ |b 060483 | ||